Guías de aprendizaje para educadores sobre la escuela que queremos
Gorde:
| Egile nagusia: | |
|---|---|
| Formatua: | Liburua |
| Hizkuntza: | gaztelania |
| Argitaratua: |
Santiago
CPEIP
1999
|
| Gaiak: | |
| Etiketak: |
Etiketa erantsi
Etiketarik gabe, Izan zaitez lehena erregistro honi etiketa jartzen!
|
MARC
| LEADER | 00000nam a2200000 a 4500 | ||
|---|---|---|---|
| 001 | UCP9516 | ||
| 003 | CL-VaPUC | ||
| 008 | 000331e19990000CL |||||||||||||||||spa|d | ||
| 082 | 0 | 4 | |a 370.71 |b CAS |2 21 |
| 100 | 0 | |a Castillo Inzulza, Gabriel |e author |9 440134 | |
| 245 | 1 | 0 | |a Guías de aprendizaje para educadores sobre la escuela que queremos |
| 300 | |a p. irreg | ||
| 942 | |c BK | ||
| 945 | |d 20000331 00:00:00 |a rbrito | ||
| 260 | |a Santiago |b CPEIP |c 1999 | ||
| 650 | 0 | |a Formación profesional de profesores |9 307493 | |
| 650 | 0 | |a Calidad de la educación |9 307271 | |
| 583 | |a last modification |c 20000331 00:00:00 |k Rodrigo Vera | ||
| 999 | |c 286328 |d 286326 | ||
| 952 | |0 0 |1 0 |4 0 |6 370_710000000000000_CAS_1999 |7 0 |8 P |9 332082 |a BIBEDU |b BIBEDU |c BIBEDU_PB |d 2019-11-20 |i 3600718 |o 370.71 CAS 1999 |p 3600718 |r 2024-01-25 |w 2019-11-20 |y BK |k BME | ||
| 952 | |0 0 |1 0 |4 0 |6 370_710000000000000_CAS_1999 |7 0 |8 P |9 332083 |a BIBEDU |b BIBEDU |c BIBEDU_PB |d 2019-11-20 |i 3600726 |o 370.71 CAS 1999 |p 3600726 |r 2024-01-25 |w 2019-11-20 |y BK |k BME | ||
| 952 | |0 0 |1 0 |4 0 |6 370_710000000000000_CAS_1999 |7 0 |8 P |9 332084 |a BIBEDU |b BIBEDU |c BIBEDU_PB |d 2019-11-20 |i 3600734 |o 370.71 CAS 1999 |p 3600734 |r 2024-01-25 |w 2019-11-20 |y BK |k BME | ||
| 952 | |0 0 |1 0 |4 0 |6 370_710000000000000_CAS_1999 |7 0 |8 P |9 332085 |a BIBEDU |b BIBEDU |c BIBEDU_PB |d 2019-11-20 |i 3600742 |o 370.71 CAS 1999 |p 3600742 |r 2024-01-25 |w 2019-11-20 |y BK |k BME | ||
| 952 | |0 0 |1 0 |4 0 |6 370_710000000000000_CAS_1999 |7 0 |8 P |9 332086 |a BIBEDU |b BIBEDU |c BIBEDU_PB |d 2019-11-20 |i 3630978 |o 370.71 CAS 1999 |p 3630978 |r 2024-01-25 |w 2019-11-20 |y BK |k BME | ||
| 952 | |0 0 |1 0 |4 0 |6 370_710000000000000_CAS_1999 |7 0 |8 P |9 332087 |a BIBEDU |b BIBEDU |c BIBEDU_PB |d 2019-11-20 |i 3630986 |o 370.71 CAS 1999 |p 3630986 |r 2024-01-25 |w 2019-11-20 |y BK |k BME | ||
| 952 | |0 0 |1 0 |4 0 |6 370_710000000000000_CAS_1999 |7 0 |8 P |9 332088 |a BIBEDU |b BIBEDU |c BIBEDU_PB |d 2019-11-20 |i 3630994 |o 370.71 CAS 1999 |p 3630994 |r 2024-01-25 |w 2019-11-20 |y BK |k BME | ||
| 952 | |0 0 |1 0 |4 0 |6 370_710000000000000_CAS_1999 |7 0 |8 P |9 332089 |a BIBEDU |b BIBEDU |c BIBEDU_PB |d 2019-11-20 |i 3631001 |o 370.71 CAS 1999 |p 3631001 |r 2024-01-25 |w 2019-11-20 |y BK |k BME | ||